00330nam a22001097a 450000500170000000800410001702000150005810000210007324500390009426000620013330000250019520260224113548.0260224b |||||||| |||| 00| 0 eng d a0553129430 aWilson O. Edward aOn Human Naturec/Edward O. Wilson aUnited States of America;bHavard University Press;c1978 axiv,272p. ill;c18cm